000 00824nam a22002297a 4500
001 8067
003 FISKH
005 20250820114010.0
008 250820b cb ||||| |||| 00| 0 eng d
020 _a9780866515368
040 _aFISKH
_beng
_cFISKH
_dFISKH
050 _aS55 L
082 _a512
100 _aSherard III, Wade H.
245 _aLogic Algebra problems /
_cBy Wade H. Sherard III
260 _aLondon :
_bDale Seymour Publications,
_c1990.
300 _a51 pages :
_billustrations ;
_c28 cm .
520 _a50 number puzzles encouraging problem solving & critical thinking skills for secondary students with an algebra background; each puzzle has 10 clues to help find an unknown number; answer key included
700 _aGage, Rachel
_eDesigner and Illustrator
942 _2ddc
_cBK
_n0
999 _c8067
_d8067